Raw life, new hope : decency, housing and everyday life in a post-apartheid community (Record no. 370013)

MARC details
000 -LEADER
fixed length control field 00335nam a2200097Ia 4500
082 ## - DEWEY DECIMAL CLASSIFICATION NUMBER
Classification number 307.760968 ROSS
008 - FIXED-LENGTH DATA ELEMENTS--GENERAL INFORMATION
fixed length control field 210817s9999 xx 000 0 und d
100 ## - MAIN ENTRY--PERSONAL NAME
Personal name ROSS, Fiona C. Claremont, South Africa, 2010
245 #0 - TITLE STATEMENT
Title Raw life, new hope : decency, housing and everyday life in a post-apartheid community
942 ## - ADDED ENTRY ELEMENTS
item type Books

No items available.